[Event "IRI-ch U16 Girls"]
[Site "Chess.com INT"]
[Date "2021.01.16"]
[Round "8"]
[White "Jafari, Mina"]
[Black "Baramaki, Sonia"]
[Result "0-1"]
[WhiteElo "1014"]
[BlackElo "1382"]
[PlyCount "78"]
[EventDate "2021.01.16"]
[EventType "swiss"]
[EventRounds "9"]
[EventCountry "IRI"]
[SourceTitle "EXT 2022"]
[Source "ChessBase"]
[SourceDate "2021.10.06"]
[SourceVersion "1"]
[SourceVersionDate "2021.10.06"]
[SourceQuality "1"]

1. e4 c5 2. Nf3 Nc6 3. d4 cxd4 4. Nxd4 d6 5. Nc3 Nf6 6. f3 e5 7. Nb3 Be7 8. Nd5 Be6 9. c4 0-0 10. Be3 Bxd5 11. cxd5 Nb8 12. Bd3 Nbd7 13. 0-0 Nb6 14. f4 Nfd7 15. Qf3 Rc8 16. f5 Nc4 17. Bxc4 Rxc4 18. Rac1 Qc7 19. Qg3 Rc8 20. Rxc4 Qxc4 21. Bh6 Bf6 22. Nd2 Qxa2 23. Nf3 Qxb2 24. Nh4 Qd4+ 25. Kh1 Qxe4 26. Bg5 Qxd5 27. Bxf6 Nxf6 28. Nf3 Qc4 29. Qe1 Qc3 30. Qd1 Qc4 31. Re1 Qc6 32. Ng1 Ng4 33. Qd2 Qc5 34. Rd1 Nf2+ 35. Qxf2 Qxf2 36. Rxd6 g6 37. Rd7 Rc1 38. Rd8+ Kg7 39. f6+ Kh6 0-1